Sports Quiz

Random Sports or Soccer Quiz
Score 0/35 Timer 10:00
3 Plays Today
Hint Answer % Correct
NewcastleAlan Shearer
96.1%
ArsenalThierry Henry
95.9%
Man CitySergio Aguero
95.5%
SpursHarry Kane
90.9%
Man UtdWayne Rooney
89.4%
LiverpoolRobbie Fowler
83.8%
LiverpoolMichael Owen
83.1%
ChelseaDrogba
79.8%
Man UtdAndy Cole
77.3%
LiverpoolLuis Suarez
73.7%
LiverpoolTorres
73.3%
ArsenalRobin van Persie
70.6%
Aston VillaYorke
70.1%
LeedsKeane
69%
ChelseaLampard
68.8%
Man UtdRuud van Nistelrooy
66.1%
ArsenalIan Wright
60.2%
SpursTeddy Sheringham
57.8%
Hint Answer % Correct
QPRLes Ferdinand
56.1%
SouthamptonMatt Le Tissier
54.9%
SpursJermaine Defoe
52.5%
EvertonLukaku
51%
SpursDimitar Berbatov
50.4%
BlackburnSutton
48.2%
ArsenalAnelka
39.6%
Man UtdTevez
37.1%
CoventryDublin
31.4%
Man CitySterling
30.6%
Man UtdSolskjaer
29.5%
ChelseaJimmy Floyd Hasselbaink
28.2%
ArsenalAdebayor
26.2%
EvertonYakubu
23.3%
ArsenalWalcott
18.8%
ArsenalKevin Campbell
17.2%
EvertonCottee
6.5%
Remove Ads.
Support Sporcle.
Get the best of Sporcle when you Go Orange. This ad-free experience offers more features, more stats, and more fun while also helping to support Sporcle. Thank you for becoming a member.

You're not logged in!

Compare scores with friends on all Sporcle quizzes.
OR
Log In

Sporcle TV

Today on Sporcle TV


Watch our educational content, quiz creation guides, and fun videos on Sporcle TV.

Show Comments

Extras

Top Quizzes Today


Score Distribution

Paid Content

Your Account Isn't Verified!

In order to create a playlist on Sporcle, you need to verify the email address you used during registration. Go to your Sporcle Settings to finish the process.

Report this User

Report this user for behavior that violates our Community Guidelines.

Details: